Action learning worldwide experiences of leadership and organizational development
Enregistré dans:
| Autres auteurs: | |
|---|---|
| Format: | Livre |
| Langue: | anglais |
| Publié: |
Basingstoke
Palgrave Macmillan
2002
|
| Sujets: | |
| Tags: |
Pas de tags, Soyez le premier à ajouter un tag!
|
MARC
| LEADER | 00000nam$a2200000$$$4500 | ||
|---|---|---|---|
| 001 | 0105829 | ||
| 005 | 20231215114946.5 | ||
| 020 | |a 0-333-96870-0 | ||
| 041 | 0 | |a eng | |
| 044 | |a GB | ||
| 245 | 1 | 0 | |a Action learning worldwide |b experiences of leadership and organizational development |c editor Yury Boshyk |
| 264 | 1 | |a Basingstoke |b Palgrave Macmillan |c 2002 | |
| 300 | |a xix, 329 s. | ||
| 610 | 2 | 0 | |a vzdelávanie |
| 610 | 2 | 0 | |a školenie odborné |
| 610 | 2 | 0 | |a zmeny organizačné |
| 610 | 2 | 0 | |a rozvoj podniku |
| 610 | 2 | 0 | |a pracovníci vedúci |
| 610 | 2 | 0 | |a štúdie prípadové |
| 700 | 1 | |a Boshyk, Yury | |